000 00871cam a2200265 a 4500
001 000019609
005 20200929170057.0
008 910228s1965 sp 001 e spa d
040 _aDO-SdBNP
_bspa
_cDLC
_dBNPHU
082 _a864.6
_bÓ77esp
100 1 _aOrtega y Gasset, José,
_d1883-1955.
_95769
245 1 0 _aEspíritu de la letra /
_cJosé Ortega y Gasset.
260 _aMadrid :
_bEspasa-Calpe,
_c1965.
300 _a217, [18] p. ;
_c18 cm.
490 1 _aAustral. Verde: ensayos y filosofía
_v1370
500 _aIncluye índice de autores.
650 4 _aEnsayos españoles
_93095
650 4 _aLiteratura española
_9632
651 4 _aEspaña
_xFilología
_xHistoria
_942043
650 4 _aEspañol
_xHistoria
_93903
830 0 _aAustral.
_pVerde: ensayos y filosofía;
_v1370
_98733
910 _aCatalogación derivada / LC
910 _aWM
049 _aBNGR
999 _c19125
_d19125